000 01287nab a22002297a 4500
999 _c5945
_d5945
003 OSt
005 20260114021337.0
008 190605e xxu||||| |||| 00| 0 spa d
040 _cPJ
100 _96188
_aBerzano, Gisela
245 1 3 _aAlgunas nociones sobre la prescripción en el régimen disciplinario de la Ley Marco de Regulación del Empleo Público Nacional N.º 25.164 y su implicancia en el procedimiento sumarial /
_cGisela Berzano.
260 _aCiudad Autónoma de Buenos Aires :
_bThomson Reuters La Ley,
_c2024.
300 _ap. 76-85
500 _aCita: TR LALEY AR/DOC/888/2024.
505 _aSumario: I. Consideraciones previas.— II. La prescripción en el procedimiento administrativo disciplinario.— III. Una vez Prescripto...— IV. El art. 37 de la Ley Marco de Regulación del Empleo Público Nacional.— V. Quién lo alega.— VI. Desde cuando.— VII. Conclusión.
505 _t¿Te interesa el texto completo? Solicitalo al correo: koha@justierradelfuego.gov.ar
650 0 _91316
_aDERECHO LABORAL
650 0 _9938
_aEMPLEO PUBLICO
650 0 _96566
_aREGIMEN DISCIPLINARIO
773 0 _02711
_93168
_dCiudad Autónoma de Buenos Aires : Thomson Reuters La Ley, 1999-2002.
_tRevista de derecho del trabajo. Nº 3 - Mayo 2024
942 _2udc
_cANA